Hidden Tourist Spots of Europe Quiz Stats

Quiz Updated Jul 14, 2016

Challenge
Share
Tweet
Score 0/20 Timer 06:00
4 Plays Today
% Correct
Iceland
96.9%
Luxembourg
94.9%
United Kingdom
90.6%
Norway
87.2%
Spain
87%
The Netherlands
86.1%
Greece
84.7%
Russia
84.2%
France
83.2%
Germany
78.9%
% Correct
Croatia
68%
Switzerland
56.1%
Ireland
51.9%
Czechia
51.5%
Turkey
47.8%
Italy
47.8%
Belarus
46.7%
Estonia
46.1%
Finland
42.5%
Albania
35.8%

You're not logged in!

Compare scores with friends on all Sporcle quizzes.
Join for Free
OR
Log In

You Might Also Like...

Show Comments

Extras

Top Quizzes Today


Score Distribution

Your Account Isn't Verified!

In order to create a playlist on Sporcle, you need to verify the email address you used during registration. Go to your Sporcle Settings to finish the process.

Report this User

Report this user for behavior that violates our Community Guidelines.

Details: